LEADER 00729nam a2200193 i 4500 001 000000178366 003 CaOOAMICUS 005 20090319000000.0 008 090319s1961 it u000 u ger u 013 $a155938 040 $aSeMil$bita 245 14$aDie Reichskirche :$bbis zum Tode Julians. 250 $aDritte Auflage. 300 $aVIII, 346 p. 700 1 $aLietzmann, Hans,$d<1875-1942>.$0(OLS)http://semarc/name/195 773 0 $aLietzmann, Hans <1875-1942>$tGeschichte der alten Kirche.$dBerlin : De Gruyter, 1961.$g3$w()20909 850 $aSeMil 852 $aSeMil$W1$xVenegono$y1$m3A II 89$j129143$B129143$CSeMilBibl$Z2$F140330 $81 996 $6245$aDie Reichskirche :$bbis zum Tode Julians$9(OLS)http://semarc/title/256174 LEADER 01247nam a2200253 i 4500 001 000000128410 003 CaOOAMICUS 005 20040722000000.0 008 040722s1965 it u000 u ita u 013 $a101137 040 $aSeMil$bita 245 14$aGli affreschi di Sant'Angelo in Formis /$ctesto di Raffaello Causa. 260 $aGinevra :$bSkira,$ccopyr. 1965. 260 $aMilano :$bFratelli Fabbri Editori,$ccopyr. 1965. 300 $a39 p. :$bill. ;$c36 cm. 490 0 $aL'arte racconta : le grandi imprese decorative nell'artedi tutti i tempi ;$v15.[14] 650 4$aCapua - Sant'Angelo in Formis - Abbazia di Sant'Angelo in Formis - Affreschi.$0(OLS)http://semarc/subject/25350 700 1 $aCausa, Raffaello.$0(OLS)http://semarc/name/7815 830 2$aL'arte racconta : le grandi imprese decorative nell'artedi tutti i tempi ;$v15.[14].$0(OLS)http://semarc/title/15814 850 $aSeMil 852 $aSeMil$W1$xVenegono$y1$m5J VII 14/15$j82635$B82635$CSeMilBibl$Z2$F84965 $81 996 $6245$aGli affreschi di Sant'Angelo in Formis$9(OLS)http://semarc/title/189765 996 $6260$aMilano :$bFratelli Fabbri Editori$9(OLS)http://semarc/publisher/29845 996 $6260$aGinevra :$bSkira$9(OLS)http://semarc/publisher/33287